000 00365nam a2200145Ia 4500
008 130318s9999 xx 000 0 und d
020 _a8129700603
082 _a658.31124 THO/W
100 _aThorphe, Edgar
245 _aWinning at Interviews
260 _bPearson Education
_aNew Delhi
_c2004
300 _a182
650 _aJOB INTERVIEW
700 _aThorpe, Showick
999 _c848
_d848